[Event "C.to Italiano Semifinale"]
[Site "Civitanova Marche ITA"]
[Date "2013.07.23"]
[Round "4"]
[White "Lantini, Marco"]
[Black "Martorelli, Antonio"]
[WhiteElo "2119"]
[BlackElo "2258"]
[Result "1-0"]
[PlyCount "79"]
[EventDate "2013.07.20"]

1. d4 Nf6 2. c4 g6 3. Nc3 Bg7 4. e4 d6 5. Nf3 O-O 6. h3 Na6 7. Bg5 Qe8 8. g4 c5
9. Bg2 Nc7 10. O-O h5 11. e5 hxg4 12. exf6 exf6 13. Bh4 gxf3 14. Qxf3 g5 15.
Bg3 cxd4 16. Ne4 Qd8 17. Nxd6 Ne6 18. Rad1 a5 19. Qh5 Nc5 20. Rxd4 f5 21. Rd5
f4 22. Nxf7 Qe8 23. Rxc5 Qxf7 24. Qxf7+ Kxf7 25. Bh2 Kg6 26. Rd1 Bf5 27. Rd6+
Rf6 28. Rdd5 Re8 29. Bf3 b6 30. Rb5 Bxh3 31. Rxg5+ Kh7 32. Rh5+ Bh6 33. Rxh3
Re1+ 34. Kg2 Rg6+ 35. Bg3 fxg3 36. Rxg3 Rxg3+ 37. Kxg3 Re6 38. c5 Re5 39. Rxb6
Rxc5 40. Be4+ 1-0

[Event "C.to Italiano Semifinale"]
[Site "Civitanova Marche ITA"]
[Date "2013.07.23"]
[Round "4"]
[White "Pescatore, Lorenzo"]
[Black "Albertini, Luca"]
[WhiteElo "2230"]
[BlackElo "2116"]
[Result "1-0"]
[PlyCount "83"]
[EventDate "2013.07.20"]

1. e4 e5 2. Nf3 Nc6 3. d4 exd4 4. Bc4 Bc5 5. c3 Nf6 6. cxd4 Bb4+ 7. Bd2 Bxd2+
8. Nbxd2 d5 9. exd5 Nxd5 10. Qb3 Nce7 11. O-O O-O 12. Rfe1 c6 13. Ne4 Nb6 14.
Nc5 Nxc4 15. Qxc4 Nd5 16. Qb3 b6 17. Nd3 Be6 18. Qa4 Rc8 19. Rac1 Rc7 20. Qa3
Re8 21. Nde5 Qc8 22. Nc4 Qd8 23. Nd6 Rf8 24. Ne5 Ne7 25. Ne4 Bd5 26. Ng3 f6 27.
Nd3 Qd7 28. Nf4 Bf7 29. Ne4 Nf5 30. Rcd1 Bd5 31. Ng3 Nxg3 32. Qxg3 Bxa2 33. b3
Re8 34. Nh5 Rf8 35. Ra1 g6 36. Rxa2 Rcc8 37. Rae2 Qxd4 38. Nf4 Rf7 39. Re8+ Rf8
40. R8e7 Rf7 41. Nxg6 Qd5 42. Ne5+ 1-0

[Event "C.to Italiano Semifinale"]
[Site "Civitanova Marche ITA"]
[Date "2013.07.23"]
[Round "4"]
[White "Rambaldi, Francesco"]
[Black "Sellitti, Federico"]
[WhiteElo "2347"]
[BlackElo "2199"]
[Result "1/2-1/2"]
[PlyCount "114"]
[EventDate "2013.07.20"]

1. d4 Nf6 2. c4 e6 3. Nc3 Bb4 4. g3 c5 5. Nf3 cxd4 6. Nxd4 Ne4 7. Bd2 Bxc3 8.
bxc3 Qc7 9. e3 a6 10. Qg4 Qe5 11. Nf3 h5 12. Nxe5 hxg4 13. Nxg4 d6 14. h4 Nc6
15. Nh2 Ne5 16. Be2 Bd7 17. Nf3 Nxf3+ 18. Bxf3 Bc6 19. Rb1 Ke7 20. Rb6 Rab8 21.
Rxc6 Nxd2 22. Rc7+ Kd8 23. Rxf7 Ke8 24. Rf4 g5 25. Kxd2 gxf4 26. exf4 Ke7 27.
Kd3 b5 28. cxb5 Rxb5 29. Re1 Kf6 30. Bg4 e5 31. fxe5+ dxe5 32. c4 Rb4 33. Rc1
a5 34. Kc3 Rg8 35. Bd7 Ke7 36. Bb5 Rc8 37. a4 Rf8 38. Re1 Rf3+ 39. Re3 Rxe3+
40. fxe3 Rb1 41. Kd3 Rg1 42. Ke4 Rxg3 43. Kxe5 Rxe3+ 44. Kd5 Rh3 45. Kc6 Rxh4
46. c5 Kd8 47. Kb6 Rh6+ 48. c6 Kc8 49. Ba6+ Kb8 50. Bc4 Rf6 51. Bd5 Rh6 52. Be4
Rf6 53. Bd3 Rh6 54. Bf5 Rf6 55. Bd7 Rh6 56. Be8 Rf6 57. Bh5 Rh6 1/2-1/2

[Event "C.to Italiano Semifinale"]
[Site "Civitanova Marche ITA"]
[Date "2013.07.23"]
[Round "4"]
[White "Rombaldoni, Denis"]
[Black "Bentivegna, Francesco"]
[WhiteElo "2484"]
[BlackElo "2293"]
[Result "1-0"]
[PlyCount "75"]
[EventDate "2013.07.20"]

1. Nf3 d5 2. e3 Nf6 3. c4 e6 4. d4 c5 5. cxd5 exd5 6. Bb5+ Bd7 7. Bxd7+ Nbxd7
8. O-O Be7 9. Nc3 O-O 10. b3 Rc8 11. dxc5 Nxc5 12. Bb2 Nce4 13. Ne2 Qa5 14. a3
Rfd8 15. Nfd4 Qa6 16. Rc1 Bf8 17. Nf4 g6 18. Rxc8 Rxc8 19. Qa1 Bg7 20. Rc1
Rxc1+ 21. Qxc1 Qa5 22. h3 Qc5 23. Qxc5 Nxc5 24. Nb5 g5 25. Bxf6 gxf4 26. Bxg7
Kxg7 27. b4 fxe3 28. fxe3 Ne4 29. Nxa7 f5 30. Nb5 Kf6 31. Kf1 Ke5 32. Ke2 h5
33. Kd3 h4 34. Nd4 Nd6 35. a4 Nc4 36. Nf3+ Kd6 37. Nxh4 Nb2+ 38. Kd4 1-0

[Event "C.to Italiano Semifinale"]
[Site "Civitanova Marche ITA"]
[Date "2013.07.23"]
[Round "4"]
[White "Santagati, Alessandro"]
[Black "Boscolo, Federico"]
[WhiteElo "2195"]
[BlackElo "2349"]
[Result "1-0"]
[PlyCount "177"]
[EventDate "2013.07.20"]

1. e4 c5 2. Nf3 Nc6 3. d3 e6 4. g3 d6 5. Bg2 Nf6 6. O-O Be7 7. Re1 O-O 8. Nbd2
Bd7 9. Nf1 Rc8 10. h3 b5 11. c3 b4 12. c4 Ne8 13. d4 cxd4 14. Nxd4 Nxd4 15.
Qxd4 Qc7 16. Ne3 Qb8 17. Qd3 Bc6 18. a3 b3 19. a4 Nc7 20. Ra3 Na6 21. Rxb3 Qa8
22. Ra3 Nc5 23. Qd1 Bxe4 24. b4 Bxg2 25. Nxg2 Ne4 26. Qd3 Nf6 27. a5 Qc6 28.
Ne3 Rb8 29. Rb3 Rfc8 30. Bb2 Qa6 31. Ra1 d5 32. b5 dxc4 33. Nxc4 Qb7 34. a6 Qe4
35. Qxe4 Nxe4 36. Be5 Ra8 37. b6 Nc5 38. Rb5 f6 39. Bd6 axb6 40. Bxe7 Rxa6 41.
Rxa6 Nxa6 42. Rxb6 Rxc4 43. Rxa6 Kf7 44. Ra7 e5 45. Ba3+ Kg8 46. Kg2 h5 47. h4
Rc3 48. Bb4 Rb3 49. Bd2 Kh7 50. Be3 Rc3 51. Kf3 Rc4 52. Ke2 Kg8 53. Kd3 Rb4 54.
Kc3 Rb1 55. Kc4 Rd1 56. Kc5 Rd3 57. Kc6 Rc3+ 58. Kd5 Kh7 59. Bc5 Kg8 60. Rc7
Rc2 61. Ke6 Rc4 62. Bd6 Ra4 63. Rc8+ Kh7 64. Kf7 Ra2 65. Bc5 Rb2 66. Rc7 Rc2
67. Kf8 Kh8 68. Bb6 Rb2 69. Ba7 Rd2 70. Ke7 Kg8 71. Ke6 Kh7 72. Kf5 Ra2 73. Bc5
Rc2 74. Ke6 Kg8 75. Rc8+ Kh7 76. Kf7 Rb2 77. Rd8 Rb7+ 78. Be7 Ra7 79. Ke6 Ra6+
80. Rd6 Ra2 81. Rd7 Kg8 82. Kf5 Kh7 83. Bf8 Rxf2+ 84. Ke6 Kg8 85. Bxg7 e4 86.
Bxf6 Ra2 87. Rg7+ Kf8 88. Rd7 Ra6+ 89. Rd6 1-0

[Event "C.to Italiano Semifinale"]
[Site "Civitanova Marche ITA"]
[Date "2013.07.23"]
[Round "4"]
[White "Scalcione, Michelangelo"]
[Black "Stella, Andrea"]
[WhiteElo "2342"]
[BlackElo "2447"]
[Result "0-1"]
[PlyCount "80"]
[EventDate "2013.07.20"]

1. Nf3 c5 2. b3 d5 3. e3 Nf6 4. Bb2 e6 5. Bb5+ Bd7 6. a4 a6 7. Bxd7+ Nbxd7 8.
d3 Be7 9. Nbd2 b5 10. g4 O-O 11. g5 Ne8 12. h4 Bd6 13. Ke2 e5 14. Qg1 Nc7 15.
g6 fxg6 16. h5 Qe7 17. hxg6 h6 18. Rh5 Rae8 19. Qh1 Ne6 20. axb5 axb5 21. Ra7
Qd8 22. Ng5 Nxg5 23. Qxd5+ Ne6 24. Qxd6 Qf6 25. Kd1 Qxf2 26. Rh1 Qg2 27. Re1
Nf6 28. Bxe5 Qxg6 29. Kc1 Rf7 30. Ra6 Rfe7 31. Bb2 Qg5 32. Nf3 Qf5 33. Qg3 Nh5
34. Qg2 Nef4 35. Qf1 Rxe3 36. Rxe3 Rxe3 37. Kb1 Ng6 38. Ra8+ Nf8 39. d4 cxd4
40. Ba3 Rxb3+ 0-1

[Event "C.to Italiano Semifinale"]
[Site "Civitanova Marche ITA"]
[Date "2013.07.23"]
[Round "4"]
[White "Sibilio, Mario"]
[Black "Genocchio, Daniele"]
[WhiteElo "2306"]
[BlackElo "2413"]
[Result "1/2-1/2"]
[PlyCount "148"]
[EventDate "2013.07.20"]

1. e4 e5 2. Nf3 Nc6 3. Bb5 Nge7 4. c3 g6 5. d4 exd4 6. h4 h6 7. h5 g5 8. Nxd4
d5 9. exd5 Qxd5 10. O-O Bd7 11. Be3 O-O-O 12. c4 Qe5 13. Nc3 Bg7 14. Bxc6 Bxc6
15. Nxc6 Nxc6 16. Qa4 Qa5 17. Qb3 Rd3 18. Rad1 Rhd8 19. Rxd3 Rxd3 20. c5 Ne5
21. Rd1 Qa6 22. Rxd3 Qxd3 23. c6 bxc6 24. Bxa7 Ng4 25. Qd1 Qxd1+ 26. Nxd1 Nf6
27. Bc5 Nxh5 28. b3 Nf4 29. Ne3 Ne2+ 30. Kf1 Nc1 31. Nf5 Bc3 32. Nxh6 f6 33.
Nf5 Nxa2 34. Be3 Kd7 35. Ke2 Nb4 36. g4 Be5 37. Bc5 Nd5 38. Kd3 Bd6 39. Be3 Bf4
40. Bc5 Bd6 41. Be3 Be5 42. Bc5 Nf4+ 43. Ke4 Ne2 44. Be3 Nc3+ 45. Kd3 Nb5 46.
Bc5 Ke6 47. f3 Nd6 48. Ne3 Bf4 49. Nc2 Nf7 50. Ke4 Be5 51. Ne3 Bd6 52. Bd4 c5
53. Bc3 Be5 54. Ba5 Bf4 55. Nc4 Nd6+ 56. Kd3 Nb5 57. Ke4 Nd4 58. b4 Nb3 59. b5
Nd4 60. b6 cxb6 61. Bxb6 Nb3 62. Ba5 Be5 63. Be1 Bf4 64. Bf2 Bd2 65. Kd3 Bb4
66. Ke4 Nc1 67. Be3 Ne2 68. Kd3 Ng3 69. Bf2 Nh1 70. Be3 Ng3 71. Bf2 Nh1 72. Be3
Kd5 73. Nb6+ Kc6 74. Nc4 Kd5 1/2-1/2

[Event "C.to Italiano Semifinale"]
[Site "Civitanova Marche ITA"]
[Date "2013.07.23"]
[Round "4"]
[White "Vezzosi, Paolo"]
[Black "Bonafede, Alessandro"]
[WhiteElo "2281"]
[BlackElo "2380"]
[Result "0-1"]
[PlyCount "70"]
[EventDate "2013.07.20"]

1. e4 c5 2. Nc3 a6 3. f4 Nc6 4. Nf3 g6 5. a4 Bg7 6. Bc4 e6 7. d3 Nge7 8. O-O d5
9. Bb3 O-O 10. Kh1 Rb8 11. Ne2 c4 12. Ba2 b5 13. c3 cxd3 14. Qxd3 dxe4 15. Qxe4
Bb7 16. Qe3 Nf5 17. Qf2 b4 18. Bd2 b3 19. Bb1 Qd5 20. Bc1 Na5 21. Nd2 Nd6 22.
Ng3 f5 23. Nf3 Ndc4 24. Ne2 Qd7 25. Ned4 Bd5 26. Re1 Rfe8 27. Qg3 Nc6 28. Bd3
Nxd4 29. Nxd4 Bxd4 30. cxd4 Rb4 31. a5 Rc8 32. Qf2 Ra4 33. Rxa4 Qxa4 34. Bxc4
Rxc4 35. Qe3 Qc6 0-1

[Event "C.to Italiano Semifinale"]
[Site "Civitanova Marche ITA"]
[Date "2013.07.24"]
[Round "5"]
[White "Altini, Nicola"]
[Black "Rombaldoni, Denis"]
[WhiteElo "2347"]
[BlackElo "2484"]
[Result "1-0"]
[PlyCount "75"]
[EventDate "2013.07.20"]

1. d4 d5 2. c4 Nc6 3. Nf3 Bg4 4. Nc3 e6 5. cxd5 exd5 6. Bf4 Bd6 7. Bxd6 Qxd6 8.
e3 Nge7 9. Be2 O-O 10. O-O f5 11. Rc1 a6 12. a3 Rf6 13. g3 Rh6 14. Ng5 Bxe2 15.
Nxe2 Na5 16. Nf4 Nc4 17. Qe2 b5 18. a4 Qf6 19. h4 c6 20. axb5 axb5 21. Ra1 Re8
22. Ra6 Nd6 23. Rfa1 Ne4 24. Nfe6 Rg6 25. Ra8 Nc8 26. Qh5 Nxg5 27. Nxg5 h6 28.
Nf3 Qf7 29. Kf1 Rge6 30. Qxf7+ Kxf7 31. Ne5+ Ke7 32. Rc1 Rxe5 33. dxe5 Kd7 34.
f4 Kc7 35. Ra6 Re6 36. g4 g6 37. h5 Kb7 38. hxg6 1-0

[Event "C.to Italiano Semifinale"]
[Site "Civitanova Marche ITA"]
[Date "2013.07.24"]
[Round "5"]
[White "Bentivegna, Francesco"]
[Black "Bonade', Massimo"]
[WhiteElo "2293"]
[BlackElo "2100"]
[Result "1-0"]
[PlyCount "27"]
[EventDate "2013.07.20"]

1. e4 c5 2. Nc3 d6 3. f4 g6 4. Nf3 Bg7 5. Bb5+ Bd7 6. Bc4 Nc6 7. O-O Nf6 8. e5
Ng8 9. Ng5 e6 10. Nce4 dxe5 11. Nd6+ Kf8 12. Ngxf7 Qh4 13. g3 Qh3 14. Ng5 1-0

[Event "C.to Italiano Semifinale"]
[Site "Civitanova Marche ITA"]
[Date "2013.07.24"]
[Round "5"]
[White "Bonafede, Alessandro"]
[Black "De Filomeno, Simone"]
[WhiteElo "2380"]
[BlackElo "2385"]
[Result "0-1"]
[PlyCount "70"]
[EventDate "2013.07.20"]

1. e4 c5 2. Nf3 d6 3. d4 cxd4 4. Qxd4 Nc6 5. Bb5 Bd7 6. Bxc6 Bxc6 7. Nc3 Nf6 8.
Bg5 e6 9. O-O-O Be7 10. Qd3 Qa5 11. h4 h6 12. Bd2 d5 13. e5 Ng4 14. Be3 Bb4 15.
Bd4 Bxc3 16. Qxc3 Qxc3 17. bxc3 h5 18. Ng5 b6 19. Rhg1 Bb5 20. Rde1 Nh6 21. f3
Nf5 22. Bf2 Rc8 23. Kb2 Rc4 24. g3 Ke7 25. Rd1 Rhc8 26. Be1 f6 27. exf6+ gxf6
28. Nh3 d4 29. cxd4 Rxc2+ 30. Kb1 a5 31. Nf4 Ne3 32. Rd2 Rc1+ 33. Kb2 Nd1+ 34.
Rxd1 R8c2+ 35. Ka3 Rxd1 0-1

[Event "C.to Italiano Semifinale"]
[Site "Civitanova Marche ITA"]
[Date "2013.07.24"]
[Round "5"]
[White "Boraso, Alessio"]
[Black "Contin, Daniel"]
[WhiteElo "2119"]
[BlackElo "2330"]
[Result "0-1"]
[PlyCount "74"]
[EventDate "2013.07.20"]

1. d4 Nf6 2. c4 g6 3. Nc3 d5 4. Bg5 Ne4 5. cxd5 Nxc3 6. bxc3 Qxd5 7. Nf3 Bg7 8.
Bh4 c5 9. e3 Nc6 10. Qb3 Be6 11. Nd2 cxd4 12. Qxd5 Bxd5 13. cxd4 f5 14. Rb1
O-O-O 15. Bc4 Bxc4 16. Nxc4 Bxd4 17. Rc1 Bc5 18. Ne5 Bb4+ 19. Ke2 Rd2+ 20. Kf3
Rxa2 21. Nxc6 bxc6 22. Rxc6+ Kd7 23. Rc4 Bd6 24. Rd1 Rb8 25. Rcd4 Rbb2 26. Bg3
Ke8 27. Bxd6 Rxf2+ 28. Kg3 Rxg2+ 29. Kf4 Rg4+ 30. Ke5 Ra5+ 31. Ke6 Rxd4 32.
exd4 Ra6 33. Rb1 Rxd6+ 34. Ke5 Kf7 35. h4 Re6+ 36. Kd5 f4 37. h5 f3 0-1

[Event "C.to Italiano Semifinale"]
[Site "Civitanova Marche ITA"]
[Date "2013.07.24"]
[Round "5"]
[White "Boscolo, Federico"]
[Black "Viviani, Alessio"]
[WhiteElo "2349"]
[BlackElo "2141"]
[Result "1-0"]
[PlyCount "65"]
[EventDate "2013.07.20"]

1. e4 d6 2. d4 Nf6 3. Bd3 g6 4. Nf3 Bg7 5. O-O O-O 6. h3 c5 7. c3 cxd4 8. cxd4
Nc6 9. Nc3 Nb4 10. Bb1 Nd7 11. Be3 d5 12. a3 dxe4 13. Bxe4 Na6 14. Rc1 Nf6 15.
Bb1 Be6 16. Re1 Nc7 17. Qd2 Ncd5 18. Bh6 Nb6 19. Bxg7 Kxg7 20. Rxe6 fxe6 21.
Ng5 Qd7 22. Re1 e5 23. Qd3 exd4 24. Nxh7 dxc3 25. Qxg6+ Kh8 26. Nxf8 Rxf8 27.
Qh6+ Kg8 28. Qg6+ Kh8 29. Re5 Qd1+ 30. Kh2 Qd6 31. f4 Rc8 32. Rh5+ Nxh5 33.
Qh7# 1-0

[Event "C.to Italiano Semifinale"]
[Site "Civitanova Marche ITA"]
[Date "2013.07.24"]
[Round "5"]
[White "Bove, Alessandro"]
[Black "Stella, Andrea"]
[WhiteElo "2365"]
[BlackElo "2447"]
[Result "0-1"]
[PlyCount "84"]
[EventDate "2013.07.20"]

1. Nf3 c5 2. c4 Nc6 3. d4 cxd4 4. Nxd4 e5 5. Nc2 f5 6. Nc3 d6 7. g3 Be6 8. b3
Nf6 9. Bg2 Be7 10. O-O O-O 11. Ne3 Qd7 12. Ned5 Rad8 13. f4 Kh8 14. Kh1 Bf7 15.
Bb2 Bg6 16. Qd2 Rde8 17. Rad1 Bd8 18. Nxf6 Bxf6 19. Ba3 exf4 20. gxf4 Rd8 21.
Nd5 Bh4 22. Rf3 Rfe8 23. Rh3 Be7 24. Rg1 Bf8 25. Bb2 Qf7 26. Bf3 Re4 27. Bxe4
fxe4 28. Qc3 Re8 29. Qg3 Bf5 30. Rh5 Ne7 31. Qg5 e3 32. Nxe3 Be4+ 33. Ng2 Nf5
34. Rh3 Bc6 35. Qg4 Ne3 36. Rxe3 Rxe3 37. Bd4 h5 38. Qh4 Rxe2 39. h3 Qg6 40.
Qg5 Qxg5 41. fxg5 h4 42. Bxa7 Rxa2 0-1

[Event "C.to Italiano Semifinale"]
[Site "Civitanova Marche ITA"]
[Date "2013.07.24"]
[Round "5"]
[White "Cocchi, Andrea"]
[Black "Lantini, Marco"]
[WhiteElo "2302"]
[BlackElo "2119"]
[Result "1/2-1/2"]
[PlyCount "36"]
[EventDate "2013.07.20"]

1. Nf3 d5 2. e3 Nf6 3. c4 g6 4. d4 Bg7 5. Nc3 O-O 6. Bd2 a6 7. cxd5 Nxd5 8. Rc1
Nc6 9. Be2 e5 10. Nxd5 Qxd5 11. Bc4 Qd6 12. d5 e4 13. dxc6 exf3 14. Qxf3 b5 15.
Bb3 Bxb2 16. Rd1 Be6 17. O-O Bxb3 18. axb3 Qe6 1/2-1/2

[Event "C.to Italiano Semifinale"]
[Site "Civitanova Marche ITA"]
[Date "2013.07.24"]
[Round "5"]
[White "Genocchio, Daniele"]
[Black "Basso, Pier Luigi"]
[WhiteElo "2413"]
[BlackElo "2239"]
[Result "1/2-1/2"]
[PlyCount "90"]
[EventDate "2013.07.20"]

1. e4 c5 2. Nf3 Nc6 3. Bb5 e6 4. Bxc6 bxc6 5. O-O Qc7 6. Re1 e5 7. c3 d6 8. d4
cxd4 9. cxd4 Bg4 10. Be3 Nf6 11. h3 Bxf3 12. Qxf3 Be7 13. Nd2 O-O 14. Rac1 Rab8
15. b3 Nd7 16. Nc4 Bf6 17. d5 c5 18. Bd2 Rfe8 19. Ba5 Nb6 20. b4 Bg5 21. bxc5
Qxc5 22. Bxb6 axb6 23. Ne3 Qa5 24. Qf5 Bxe3 25. Rxe3 Qa7 26. Rc6 Qe7 27. Rec3
g6 28. Qf3 Rb7 29. Qe3 b5 30. Qh6 b4 31. R3c4 b3 32. axb3 Rxb3 33. Rc8 Rb8 34.
R8c7 Rb1+ 35. Kh2 Qf6 36. Qe3 Ra8 37. Rc8+ Rxc8 38. Rxc8+ Kg7 39. g3 Rb3 40.
Qe2 h5 41. h4 g5 42. hxg5 Qxg5 43. Qa2 Rf3 44. Kg2 Qg4 45. Qa8 Rxg3+ 1/2-1/2

[Event "C.to Italiano Semifinale"]
[Site "Civitanova Marche ITA"]
[Date "2013.07.24"]
[Round "5"]
[White "Lanzani, Mario"]
[Black "Bruno, Fabio"]
[WhiteElo "2308"]
[BlackElo "2421"]
[Result "0-1"]
[PlyCount "74"]
[EventDate "2013.07.20"]

1. e4 e6 2. d4 d5 3. Nd2 Nf6 4. e5 Nfd7 5. Bd3 c5 6. c3 Nc6 7. Ne2 cxd4 8. cxd4
f6 9. exf6 Qxf6 10. Nf3 h6 11. O-O Bd6 12. Be3 O-O 13. Nc3 Rf7 14. Rc1 Nf8 15.
Bb1 Bd7 16. a3 Rd8 17. b4 Be8 18. Re1 Re7 19. b5 Na5 20. Ne5 Bxa3 21. Rc2 Bd6
22. f4 Rc7 23. f5 Rdc8 24. Bd2 Nc4 25. fxe6 Nxe5 26. dxe5 Bc5+ 27. Kh1 Qd8 28.
Nxd5 Bg6 29. Rxc5 Rxc5 30. e7 Qxd5 31. exf8=Q+ Rxf8 32. Bxg6 Qe6 33. Bd3 Rxe5
34. Rxe5 Qxe5 35. h3 Rd8 36. Qb3+ Kh8 37. Ba5 Qa1+ 0-1

[Event "C.to Italiano Semifinale"]
[Site "Civitanova Marche ITA"]
[Date "2013.07.24"]
[Round "5"]
[White "Moroni, Luca jr"]
[Black "Rambaldi, Francesco"]
[WhiteElo "2211"]
[BlackElo "2347"]
[Result "1-0"]
[PlyCount "119"]
[EventDate "2013.07.20"]

1. Nf3 d5 2. c4 d4 3. b4 f6 4. e3 e5 5. c5 a5 6. Nxe5 fxe5 7. Qh5+ Kd7 8. Qf5+
Ke8 9. Qh5+ Kd7 10. Qf5+ Ke7 11. Qxe5+ Be6 12. Bc4 Qd7 13. Bxe6 Qxe6 14. Qxc7+
Qd7 15. Qf4 axb4 16. exd4 Nc6 17. Bb2 Nf6 18. a3 Kf7 19. O-O Be7 20. axb4 Rxa1
21. Bxa1 Rd8 22. Qf3 Nxb4 23. Qb3+ Nfd5 24. Nc3 Kf8 25. Rb1 Rb8 26. Bb2 b6 27.
Ba3 Nxc3 28. dxc3 Nd5 29. c4 Nf4 30. cxb6 Ne2+ 31. Kf1 Nxd4 32. Qd3 Bxa3 33.
Qxa3+ Kg8 34. c5 Qf5 35. Rd1 Nc6 36. Qb3+ Kh8 37. Qd5 Qf6 38. Qd6 Kg8 39. Qxf6
gxf6 40. Rd6 Ne7 41. Ke2 Kf7 42. Kd3 Rb7 43. Kc4 Nc8 44. Rc6 Ne7 45. Kb5 Rd7
46. Rd6 Ke8 47. Rxf6 Rd2 48. Ka6 Rc2 49. Re6 Kd8 50. Rxe7 Kxe7 51. b7 Rb2 52.
Ka7 Kd7 53. b8=Q Ra2+ 54. Kb7 Rb2+ 55. Ka8 Ra2+ 56. Qa7+ Rxa7+ 57. Kxa7 Kc6 58.
g4 Kxc5 59. f4 Kd5 60. f5 1-0

[Event "C.to Italiano Semifinale"]
[Site "Civitanova Marche ITA"]
[Date "2013.07.24"]
[Round "5"]
[White "Pescatore, Lorenzo"]
[Black "Scalcione, Michelangelo"]
[WhiteElo "2230"]
[BlackElo "2342"]
[Result "0-1"]
[PlyCount "85"]
[EventDate "2013.07.20"]

1. e4 d6 2. d4 Nf6 3. Nc3 c6 4. f4 Qa5 5. Bd3 e5 6. Nf3 Bg4 7. Be3 d5 8. fxe5
Nxe4 9. O-O Nxc3 10. Qe1 Be7 11. bxc3 Nd7 12. Ng5 Bxg5 13. Bxg5 Be6 14. Qh4 h6
15. Be7 Rg8 16. Bb4 Qd8 17. Qxd8+ Rxd8 18. Bd6 Nb6 19. Rab1 Rd7 20. Bc5 Na4 21.
Bxa7 b5 22. Bc5 Nxc5 23. dxc5 Ra7 24. Kf2 Ke7 25. Rb2 Rga8 26. Ra1 Ra3 27. Ke3
R8a4 28. Rb4 Rxa2 29. Rxa4 Rxa4 30. Rxa4 bxa4 31. Kd2 Bd7 32. Be2 Bf5 33. Kc1
Ke6 34. Kb2 Kxe5 35. Bd1 Be4 36. g3 f5 37. Ka3 g5 38. Kxa4 f4 39. Ka5 f3 40.
Kb6 d4 41. cxd4+ Kxd4 42. Kc7 Ke3 43. Bxf3 0-1

[Event "C.to Italiano Semifinale"]
[Site "Civitanova Marche ITA"]
[Date "2013.07.24"]
[Round "5"]
[White "Rettore, Ludwig"]
[Black "Esposito, Luca"]
[WhiteElo "2111"]
[BlackElo "2277"]
[Result "0-1"]
[PlyCount "132"]
[EventDate "2013.07.20"]

1. d4 Nf6 2. Nf3 c5 3. e3 g6 4. Bd3 Bg7 5. Nbd2 b6 6. c3 O-O 7. e4 Bb7 8. O-O
d6 9. Re1 e6 10. Nf1 Nc6 11. Ng3 Qc7 12. Bd2 Nd7 13. Be3 Rac8 14. Rc1 Qb8 15.
Qd2 e5 16. d5 Ne7 17. c4 Rce8 18. Bh6 Qd8 19. Bc2 Bc8 20. Ba4 Kh8 21. Bxg7+
Kxg7 22. h4 h5 23. Ng5 Ng8 24. Rc3 Ngf6 25. a3 Rh8 26. Rb1 Nh7 27. Nf3 Ref8 28.
b4 Ndf6 29. bxc5 bxc5 30. Rcb3 Bg4 31. Nh2 Ne8 32. Rb7 Qxh4 33. Rxa7 Qf6 34.
Nxg4 hxg4 35. Rbb7 Ng5 36. Bd7 Rh4 37. Qe2 Qf4 38. Qe3 Nf6 39. Be6 Qxe3 40.
fxe3 Nfxe4 41. Nxe4 Nxe4 42. Rxf7+ Rxf7 43. Rxf7+ Kh6 44. a4 g3 45. Rf3 Kg5 46.
Bd7 Rh7 47. Bb5 Kg4 48. a5 Nf2 49. Kf1 Rh1+ 50. Ke2 Ra1 51. a6 Ra2+ 52. Kf1 Ne4
53. Rf7 Nc3 54. Ke1 Re2+ 55. Kf1 Rd2 56. Bd7+ Kg5 57. Ba4 Nxa4 58. Rf3 Kg4 59.
e4 Ra2 60. a7 Nb6 61. Rf6 Nxc4 62. Rxg6+ Kf4 63. Rg7 Ne3+ 64. Ke1 Nxg2+ 65. Kf1
Ne3+ 66. Ke1 Kf3 0-1

[Event "C.to Italiano Semifinale"]
[Site "Civitanova Marche ITA"]
[Date "2013.07.24"]
[Round "5"]
[White "Rombaldoni, Axel"]
[Black "Santagati, Alessandro"]
[WhiteElo "2494"]
[BlackElo "2195"]
[Result "1/2-1/2"]
[PlyCount "90"]
[EventDate "2013.07.20"]

1. e4 Nc6 2. Nf3 f5 3. exf5 d5 4. Bb5 Bxf5 5. Ne5 Bd7 6. Bxc6 Bxc6 7. d4 Nf6 8.
O-O g6 9. Nxc6 bxc6 10. Qe2 Bg7 11. Nd2 Qd6 12. Nb3 O-O 13. Re1 Rae8 14. Qe6+
Kh8 15. f3 Nd7 16. Bg5 c5 17. dxc5 Nxc5 18. Qxd6 exd6 19. Nxc5 dxc5 20. Be7 Rg8
21. Bxc5 Bxb2 22. Rxe8 Rxe8 23. Rb1 Bc3 24. Bxa7 Ra8 25. Rb3 Bf6 26. Rb8+ Rxb8
27. Bxb8 Bd4+ 28. Kf1 Bb6 29. Ke2 Kg7 30. Kd3 Kf6 31. c4 Ke6 32. c5 Ba5 33. f4
Kd7 34. Kd4 Kc6 35. a3 Kb7 36. Bxc7 Bxc7 37. Kxd5 Bxf4 38. g3 Be3 39. g4 g5 40.
a4 Bf4 41. h4 gxh4 42. Ke4 h3 43. Kf3 Kc6 44. Kf2 Bh2 45. g5 Kxc5 1/2-1/2

[Event "C.to Italiano Semifinale"]
[Site "Civitanova Marche ITA"]
[Date "2013.07.24"]
[Round "5"]
[White "Sbarra, Marco"]
[Black "Codenotti, Marco"]
[WhiteElo "2260"]
[BlackElo "2370"]
[Result "0-1"]
[PlyCount "80"]
[EventDate "2013.07.20"]

1. d4 Nf6 2. c4 g6 3. Nc3 d5 4. Bf4 Bg7 5. e3 O-O 6. Rc1 dxc4 7. Bxc4 Nbd7 8.
Nf3 Nh5 9. Bg5 h6 10. Bh4 g5 11. Bg3 Nxg3 12. hxg3 c5 13. Qd3 e6 14. Ne4 cxd4
15. exd4 g4 16. Nh2 f5 17. Nd6 Nb6 18. Nxf5 Rxf5 19. Qxf5 Nxc4 20. Qg6 Qa5+ 21.
Kf1 Qd2 22. Qc2 Bd7 23. Qxd2 Nxd2+ 24. Ke2 Ne4 25. Nxg4 Bb5+ 26. Ke3 Nd6 27.
Ne5 Nf5+ 28. Ke4 Rd8 29. Rhd1 Nd6+ 30. Ke3 Bxe5 31. dxe5 Nc4+ 32. Kf4 Rf8+ 33.
Ke4 Rxf2 34. Rd8+ Kg7 35. Rc8 Nxb2 36. R1c7+ Rf7 37. Rxf7+ Kxf7 38. Kd4 Bc6 39.
Rh8 Kg7 40. Ra8 a6 0-1

[Event "C.to Italiano Semifinale"]
[Site "Civitanova Marche ITA"]
[Date "2013.07.24"]
[Round "5"]
[White "Sellitti, Federico"]
[Black "Sibilio, Mario"]
[WhiteElo "2199"]
[BlackElo "2306"]
[Result "0-1"]
[PlyCount "72"]
[EventDate "2013.07.20"]

1. e4 d6 2. d4 Nf6 3. Nc3 g6 4. f4 Bg7 5. Nf3 O-O 6. e5 Ne8 7. Be3 c5 8. dxc5
Nc6 9. Bb5 Bg4 10. O-O dxe5 11. Bxc6 Qxd1 12. Nxd1 bxc6 13. Nxe5 Bxe5 14. fxe5
Nc7 15. Bg5 Rfe8 16. Ne3 Bc8 17. b4 a5 18. a3 Ra7 19. Rfd1 Be6 20. Bh4 Kf8 21.
Rab1 axb4 22. axb4 Ra3 23. Rd3 Rxd3 24. cxd3 Ra8 25. Rb2 Ra3 26. Rd2 Rb3 27.
Nc2 Nb5 28. d4 Nc3 29. Be1 Rb1 30. Rd3 Nb5 31. Kf2 Bf5 32. Rd2 Nc3 33. Ke3 Rb3
34. Kf4 Nd5+ 35. Kg5 Kg7 36. Na1 h6+ 0-1

[Event "C.to Italiano Semifinale"]
[Site "Civitanova Marche ITA"]
[Date "2013.07.25"]
[Round "6"]
[White "Basso, Pier Luigi"]
[Black "Bonafede, Alessandro"]
[WhiteElo "2239"]
[BlackElo "2380"]
[Result "1/2-1/2"]
[PlyCount "109"]
[EventDate "2013.07.20"]

1. d4 f5 2. Nf3 d6 3. c4 Nf6 4. Nc3 g6 5. g3 Bg7 6. Bg2 O-O 7. d5 a5 8. O-O Na6
9. Rb1 Bd7 10. Be3 h6 11. a3 c5 12. dxc6 bxc6 13. h3 Rb8 14. c5 Ne8 15. cxd6
exd6 16. Nd4 d5 17. Bf4 Nac7 18. Na4 g5 19. Bxc7 Nxc7 20. Nc5 Kh8 21. e3 f4 22.
exf4 gxf4 23. Qd2 f3 24. Nxf3 Bf5 25. Rbc1 Rxb2 26. Qxa5 Qd6 27. Na4 Ra8 28.
Qc5 Qxc5 29. Nxc5 Rxa3 30. g4 Bh7 31. Ra1 Raa2 32. Rxa2 Rxa2 33. Re1 Ra1 34.
Rxa1 Bxa1 35. Nd2 Kg7 36. Ndb3 Bc3 37. f4 Bc2 38. Kf2 Nb5 39. Ne6+ Kf6 40. Nbc5
Nd4 41. f5 Nxe6 42. Nxe6 Ba5 43. Ke3 Ke5 44. Nd4 Bb6 45. Kd2 Ba4 46. Nf3+ Kf6
47. h4 c5 48. Bh3 Bc7 49. g5+ hxg5 50. hxg5+ Kf7 51. Bg4 Bf4+ 52. Kc3 d4+ 53.
Kc4 Bc6 54. Bh5+ Kf8 55. Nxd4 1/2-1/2